000 00684nam a2200205Ia 4500
003 GCL
008 140319s9999 xx 000 0 ara d
040 _aGCL /
_cGCL
082 0 4 _a620
_bا ت
100 1 _aاحمد على العريان
245 1 0 _aتاريخ العلوم والتكنولوجيا الهندسية /
_cاحمد على العريان
700 1 _aاحمد على عريان
300 _a331 ص
490 _aالهيئة العامة للاستعلامات
_v0
650 0 4 _aالهندسة
650 0 4 _aالهندسة - علم
650 0 4 _aالهندسة - طرق التدريس
650 0 4 _aالهندسة - تعليم وتدريس
942 _2ddc
_cBK
999 _c47719
_d47719